Statistics for Guess the flag#5

Click here to take the quiz!

General Stats

  • This quiz has been taken 10 times
  • The average score is 12 of 16

Answer Stats

Answer% Correct
Belgium
100%
Jamaica
100%
Romania
100%
South Korea
100%
Antigua and Barbuda
88%
Bhutan
88%
Chad
88%
Cuba
88%
Tunisia
88%
Andorra
75%
Bahamas
75%
Belarus
75%
Tanzania
63%
Zimbabwe
63%
Gabon
38%
Aruba
13%

Score Distribution

Percentile by Number Answered

Percent of People with Each Score

Your Score History

You have not taken this quiz